[Event "Asian Games tt (Women)"]
[Site "Hangzhou"]
[Date "2023.10.07"]
[Round "9.11"]
[White "Saduakassova, Dinara"]
[Black "Khamdamova, Afruza"]
[Result "1/2-1/2"]
[WhiteElo "2434"]
[BlackElo "2140"]
[PlyCount "59"]
[EventDate "2023.09.29"]
[EventType "team-tourn"]
[EventRounds "9"]
[EventCountry "CHN"]
[SourceTitle "EXT 2024"]
[Source "ChessBase"]
[SourceDate "2023.10.10"]
[SourceVersion "1"]
[SourceVersionDate "2023.10.10"]
[SourceQuality "1"]
[WhiteTeam "Kazakhstan (W)"]
[BlackTeam "Uzbekistan (W)"]
[WhiteTeamCountry "KAZ"]
[BlackTeamCountry "UZB"]

1. d4 Nf6 2. c4 e6 3. Nf3 d5 4. Nc3 Be7 5. Bf4 0-0 6. e3 b6 7. Bd3 dxc4 8. Bxc4 Bb7 9. 0-0 a6 10. Ne5 b5 11. Be2 c5 12. dxc5 Bxc5 13. Qxd8 Rxd8 14. Rfd1 Nbd7 15. Nxd7 Rxd7 16. Rxd7 Nxd7 17. Rd1 Nf6 18. Bd6 Bxd6 19. Rxd6 Kf8 20. f3 Ke7 21. Rd2 Rd8 22. Rxd8 Kxd8 23. e4 e5 24. a4 bxa4 25. Nxa4 Nd7 26. Kf2 Kc7 27. Ke3 a5 28. Bb5 Bc6 29. Bxc6 Kxc6 30. Kd2 1/2-1/2

[Event "Asian Games tt (Women)"]
[Site "Hangzhou"]
[Date "2023.10.05"]
[Round "7.8"]
[White "Vantika, Agrawal"]
[Black "Saduakassova, Dinara"]
[Result "1/2-1/2"]
[WhiteElo "2435"]
[BlackElo "2434"]
[PlyCount "62"]
[EventDate "2023.09.29"]
[EventType "team-tourn"]
[EventRounds "9"]
[EventCountry "CHN"]
[SourceTitle "EXT 2024"]
[Source "ChessBase"]
[SourceDate "2023.10.10"]
[SourceVersion "1"]
[SourceVersionDate "2023.10.10"]
[SourceQuality "1"]
[WhiteTeam "India (W)"]
[BlackTeam "Kazakhstan (W)"]
[WhiteTeamCountry "IND"]
[BlackTeamCountry "KAZ"]

1. d4 Nf6 2. c4 e6 3. g3 d5 4. Bg2 Bb4+ 5. Bd2 Be7 6. Nf3 c6 7. Qc2 b6 8. Bf4 Bb7 9. 0-0 Nbd7 10. cxd5 Nxd5 11. Bd2 c5 12. Nc3 Nb4 13. Qd1 cxd4 14. Nxd4 Bxg2 15. Kxg2 Nc5 16. Nf3 0-0 17. a3 Nd5 18. Rc1 Rc8 19. Nxd5 Qxd5 20. Bg5 Qxd1 21. Rfxd1 Bxg5 22. Nxg5 f6 23. Nf3 Nb3 24. Rxc8 Rxc8 25. Rd3 Nc1 26. Rd7 Nxe2 27. Rxa7 Rc2 28. Ra8+ Kf7 29. Ra7+ Kg8 30. Ra8+ Kf7 31. Ra7+ Kg8 1/2-1/2

[Event "Asian Games tt (Women)"]
[Site "Hangzhou"]
[Date "2023.10.03"]
[Round "5.4"]
[White "Saduakassova, Dinara"]
[Black "Zhai, Mo"]
[Result "1-0"]
[WhiteElo "2434"]
[BlackElo "2328"]
[PlyCount "127"]
[EventDate "2023.09.29"]
[EventType "team-tourn"]
[EventRounds "9"]
[EventCountry "CHN"]
[SourceTitle "EXT 2024"]
[Source "ChessBase"]
[SourceDate "2023.10.10"]
[SourceVersion "1"]
[SourceVersionDate "2023.10.10"]
[SourceQuality "1"]
[WhiteTeam "Kazakhstan (W)"]
[BlackTeam "China (W)"]
[WhiteTeamCountry "KAZ"]
[BlackTeamCountry "CHN"]

1. Nf3 d5 2. g3 g6 3. Bg2 Bg7 4. d4 Nf6 5. 0-0 0-0 6. c4 c6 7. a4 Be6 8. cxd5 cxd5 9. Nc3 Nc6 10. Ne5 Nxe5 11. dxe5 Ng4 12. Nxd5 Nxe5 13. Bg5 Nc6 14. Nxe7+ Nxe7 15. Qxd8 Rfxd8 16. Bxe7 Rd2 17. Bxb7 Re8 18. Bc5 Rxe2 19. a5 Bh3 20. Bg2 Bxg2 21. Kxg2 a6 22. Rfd1 Rxb2 23. Ra4 Bf8 24. Bb6 Rb5 25. Rd7 Bc5 26. Bxc5 Rxc5 27. Ra7 Re6 28. Rf4 Rf5 29. Rxf5 gxf5 30. Kf3 Kg7 31. Kf4 Kg6 32. Rb7 Re4+ 33. Kf3 Ra4 34. Rb6+ Kg7 35. Rxa6 Ra3+ 36. Kg2 f4 37. gxf4 h6 38. f5 Kh7 39. f3 Kg7 40. Kg3 Ra4 41. f4 Ra1 42. Kg4 Ra4 43. h3 Kh7 44. h4 Kg7 45. f6+ Kh7 46. Kf5 Ra1 47. Ra7 Kg8 48. Ra8+ Kh7 49. Ra7 Kg8 50. a6 Ra5+ 51. Ke4 h5 52. Kd4 Ra1 53. Ra8+ Kh7 54. a7 Ra5 55. Kc4 Ra1 56. Kc5 Ra6 57. Kb5 Ra1 58. Kb6 Rb1+ 59. Kc6 Ra1 60. Kd6 Ra4 61. Ke7 Ra5 62. Kxf7 Ra1 63. Ke6 Re1+ 64. Kf5 1-0

[Event "KAZ-World Blitz (Women)"]
[Site "Astana"]
[Date "2023.04.19"]
[Round "4.4"]
[White "Dzagnidze, Nana"]
[Black "Saduakassova, Dinara"]
[Result "1/2-1/2"]
[WhiteElo "2525"]
[BlackElo "2434"]
[PlyCount "64"]
[EventDate "2023.04.19"]
[EventType "team-schev (blitz)"]
[EventRounds "8"]
[EventCountry "KAZ"]
[SourceTitle "CBM 213 Extra"]
[Source "ChessBase"]
[SourceDate "2023.05.31"]
[SourceVersion "1"]
[SourceVersionDate "2023.05.31"]
[SourceQuality "1"]
[WhiteTeam "World"]
[BlackTeam "Kazakhstan"]
[BlackTeamCountry "KAZ"]

1. Nf3 Nf6 2. c4 c5 3. b3 d5 4. cxd5 Nxd5 5. Bb2 f6 6. e3 e5 7. Nc3 Nxc3 8. Bxc3 Nc6 9. Bb5 Bd6 10. d4 exd4 11. exd4 Qe7+ 12. Qe2 Qxe2+ 13. Kxe2 cxd4 14. Nxd4 Bd7 15. Nxc6 Bxc6 16. Bxc6+ bxc6 17. Rhd1 0-0-0 18. Ba5 Rhe8+ 19. Kf1 Bc7 20. Bxc7 Kxc7 21. Rxd8 Rxd8 22. Ke2 Re8+ 23. Kd3 Rd8+ 24. Kc3 Re8 25. Rd1 Re2 26. Rd2 Re1 27. h4 g5 28. hxg5 fxg5 29. f3 h5 30. Kd4 h4 31. Kc5 Rc1+ 32. Kd4 Re1 1/2-1/2

[Event "KAZ-World Blitz (Women)"]
[Site "Astana"]
[Date "2023.04.19"]
[Round "6.4"]
[White "Harika, Dronavalli"]
[Black "Saduakassova, Dinara"]
[Result "1-0"]
[WhiteElo "2511"]
[BlackElo "2434"]
[PlyCount "131"]
[EventDate "2023.04.19"]
[EventType "team-schev (blitz)"]
[EventRounds "8"]
[EventCountry "KAZ"]
[SourceTitle "CBM 213 Extra"]
[Source "ChessBase"]
[SourceDate "2023.05.31"]
[SourceVersion "1"]
[SourceVersionDate "2023.05.31"]
[SourceQuality "1"]
[WhiteTeam "World"]
[BlackTeam "Kazakhstan"]
[BlackTeamCountry "KAZ"]

1. Nf3 Nf6 2. g3 c5 3. Bg2 d5 4. 0-0 e6 5. c4 d4 6. e3 Nc6 7. exd4 cxd4 8. d3 Bd6 9. Bg5 0-0 10. Nbd2 h6 11. Bxf6 Qxf6 12. a3 a5 13. Ne4 Qe7 14. Nxd6 Qxd6 15. Re1 e5 16. Nd2 Bf5 17. Ne4 Bxe4 18. Bxe4 f5 19. Bg2 Rae8 20. Qb3 Qc7 21. Rad1 b6 22. Qb5 Nd8 23. b4 axb4 24. axb4 Kh7 25. c5 bxc5 26. bxc5 Nf7 27. c6 Nd6 28. Qc5 e4 29. dxe4 Nxe4 30. Bxe4 Rxe4 31. Rxe4 fxe4 32. Rxd4 Rf6 33. Rc4 Qd8 34. Rc1 Qc7 35. Qd5 e3 36. Qe4+ g6 37. fxe3 Rf5 38. Qd4 Rf7 39. Qd5 Re7 40. Rf1 Qa7 41. Kg2 Qxe3 42. Rf7+ Rxf7 43. Qxf7+ Kh8 44. Qf6+ Kh7 45. Qf7+ Kh8 46. Qxg6 Qe2+ 47. Kh3 Qf1+ 48. Kh4 Qc4+ 49. g4 Qf4 50. Qe8+ Kh7 51. Qd7+ Kh8 52. Qc8+ Kg7 53. Qd7+ Kh8 54. Qe8+ Kh7 55. Qe7+ Kh8 56. Qe8+ Kh7 57. Qd7+ Kh8 58. Qc8+ Kg7 59. Qd7+ Kh8 60. Qe8+ Kh7 61. Qe7+ Kh8 62. Kh5 Qxh2+ 63. Kg6 Qc2+ 64. Kf7 Qc4+ 65. Qe6 Qf4+ 66. Qf6+ 1-0

[Event "KAZ-World Blitz (Women)"]
[Site "Astana"]
[Date "2023.04.19"]
[Round "3.2"]
[White "Saduakassova, Dinara"]
[Black "Mammadzada, Gunay Vuqar Qizi"]
[Result "0-1"]
[WhiteElo "2434"]
[BlackElo "2449"]
[PlyCount "56"]
[EventDate "2023.04.19"]
[EventType "team-schev (blitz)"]
[EventRounds "8"]
[EventCountry "KAZ"]
[SourceTitle "CBM 213 Extra"]
[Source "ChessBase"]
[SourceDate "2023.05.31"]
[SourceVersion "1"]
[SourceVersionDate "2023.05.31"]
[SourceQuality "1"]
[WhiteTeam "Kazakhstan"]
[BlackTeam "World"]
[WhiteTeamCountry "KAZ"]

1. d4 d5 2. Bf4 Nf6 3. e3 c5 4. Nf3 Bg4 5. Nbd2 e6 6. Bb5+ Nc6 7. c4 cxd4 8. exd4 Bd6 9. Bxd6 Qxd6 10. c5 Qc7 11. h3 Bh5 12. g4 Bg6 13. Ne5 0-0 14. Bxc6 bxc6 15. h4 Nd7 16. Nxd7 Qxd7 17. h5 Be4 18. f3 Bd3 19. h6 g6 20. Qb3 Ba6 21. Kf2 Rab8 22. Qc3 f6 23. Rae1 Rbe8 24. Re3 e5 25. Rhe1 e4 26. Nf1 f5 27. f4 fxg4 28. Kg3 Qf5 0-1

[Event "KAZ-World Rapid (Women)"]
[Site "Astana"]
[Date "2023.04.18"]
[Round "8.2"]
[White "Saduakassova, Dinara"]
[Black "Dzagnidze, Nana"]
[Result "1/2-1/2"]
[WhiteElo "2434"]
[BlackElo "2525"]
[PlyCount "112"]
[EventDate "2023.04.17"]
[EventType "team-schev (rapid)"]
[EventRounds "8"]
[EventCountry "KAZ"]
[SourceTitle "CBM 213 Extra"]
[Source "ChessBase"]
[SourceDate "2023.05.31"]
[SourceVersion "1"]
[SourceVersionDate "2023.05.31"]
[SourceQuality "1"]
[WhiteTeam "Kazakhstan"]
[BlackTeam "World"]
[WhiteTeamCountry "KAZ"]

1. d4 Nf6 2. c4 e6 3. Nf3 d5 4. Nc3 c6 5. cxd5 exd5 6. Qc2 h6 7. Bf4 Bd6 8. Bxd6 Qxd6 9. e3 Bg4 10. Ne5 0-0 11. Bd3 Bd7 12. f4 c5 13. 0-0 cxd4 14. exd4 Nc6 15. Qf2 Rac8 16. Bb5 Bf5 17. Bxc6 bxc6 18. Rfe1 c5 19. dxc5 Qxc5 20. Rad1 Qa5 21. h3 Rfd8 22. g4 Ne4 23. Nxe4 Bxe4 24. Rd2 Qxa2 25. Kh2 Qa5 26. Red1 Rc7 27. Nf3 Rdc8 28. Nd4 Qb6 29. Kg3 Rc1 30. Rxc1 Rxc1 31. Ne2 Qb3+ 32. Kh4 Rc2 33. Nd4 Rxd2 34. Qxd2 Qc4 35. Kg3 Qf1 36. Qf2 Qd1 37. Nc6 Qb3+ 38. Kh2 a6 39. Nd4 Qb6 40. Kg3 a5 41. Qd2 Qc5 42. b3 Qa3 43. Kh2 Qa1 44. Qf2 Qd1 45. Kg3 Qd3+ 46. Kh2 Qc3 47. Qg1 Qd2+ 48. Kg3 Qc3+ 49. Kh2 Qc7 50. Qe3 g5 51. Ne2 f6 52. Kg3 Kf7 53. Kf2 Kg7 54. Kg3 Kf7 55. Kf2 Qb8 56. Kg3 Qc7 1/2-1/2

[Event "KAZ-World Rapid (Women)"]
[Site "Astana"]
[Date "2023.04.17"]
[Round "1.1"]
[White "Saduakassova, Dinara"]
[Black "Hou, Yifan"]
[Result "1/2-1/2"]
[WhiteElo "2434"]
[BlackElo "2628"]
[PlyCount "76"]
[EventDate "2023.04.17"]
[EventType "team-schev (rapid)"]
[EventRounds "8"]
[EventCountry "KAZ"]
[SourceTitle "CBM 213 Extra"]
[Source "ChessBase"]
[SourceDate "2023.05.31"]
[SourceVersion "1"]
[SourceVersionDate "2023.05.31"]
[SourceQuality "1"]
[WhiteTeam "Kazakhstan"]
[BlackTeam "World"]
[WhiteTeamCountry "KAZ"]

1. d4 Nf6 2. Nf3 b6 3. g3 Bb7 4. Bg2 c5 5. dxc5 bxc5 6. c4 g6 7. b3 Bg7 8. Bb2 0-0 9. 0-0 d6 10. Nc3 Nbd7 11. Qd2 Bc6 12. Nh4 Qb6 13. e4 a5 14. Rab1 Rfb8 15. Rfe1 a4 16. Nxa4 Bxa4 17. e5 Bc6 18. exf6 Nxf6 19. Bc3 Rb7 20. Rb2 Bxg2 21. Nxg2 Qc6 22. Qd3 e6 23. Rd2 Rb6 24. Nh4 d5 25. cxd5 exd5 26. Rc2 Qb7 27. Bxf6 Bxf6 28. Ng2 Bd4 29. Nf4 Rba6 30. Ne2 Qb4 31. Rd1 Bf6 32. Qd2 Qe4 33. Nc3 Bxc3 34. Qxc3 Rxa2 35. Rxa2 Rxa2 36. Qxc5 Qf3 37. Re1 Kg7 38. Qd4+ Qf6 1/2-1/2

[Event "Wch Rapid (Women)"]
[Site "Almaty"]
[Date "2022.12.28"]
[Round "10"]
[White "Saduakassova, Dinara"]
[Black "Goryachkina, Aleksandra"]
[Result "1-0"]
[WhiteElo "2435"]
[BlackElo "2484"]
[PlyCount "99"]
[EventDate "2022.12.26"]
[EventType "swiss (rapid)"]
[EventRounds "11"]
[EventCountry "KAZ"]
[SourceTitle "CBM 211 Extra"]
[Source "ChessBase"]
[SourceDate "2023.01.31"]
[SourceVersion "1"]
[SourceVersionDate "2023.01.31"]
[SourceQuality "1"]

1. Nf3 d5 2. g3 g6 3. Bg2 Bg7 4. d4 Nf6 5. c4 c6 6. b3 0-0 7. Bb2 Bf5 8. 0-0 Nbd7 9. Nbd2 a5 10. Nh4 Be6 11. e4 dxe4 12. Nxe4 Nxe4 13. Bxe4 Bh3 14. Bg2 Bxg2 15. Nxg2 Qc7 16. Qe2 Rfe8 17. Rfd1 Rad8 18. Rd2 Nf6 19. Rad1 Qc8 20. Bc3 b6 21. Rd3 a4 22. Qf3 b5 23. Ne3 axb3 24. axb3 bxc4 25. bxc4 Rd7 26. d5 cxd5 27. Bxf6 exf6 28. Nxd5 Ra7 29. Re3 f5 30. Rde1 Rxe3 31. Qxe3 Qa8 32. Ne7+ Kh8 33. Nc8 Qxc8 34. Qxa7 Kg8 35. Qa4 Bf8 36. Re8 Qc5 37. Qb5 Qd6 38. Qd5 Qxd5 39. cxd5 Kg7 40. Kg2 Bc5 41. Kf3 g5 42. Ke2 Kf6 43. Kd3 h5 44. Kc4 Ba3 45. Kb5 f4 46. gxf4 g4 47. Kc6 Kf5 48. d6 Bxd6 49. Kxd6 Kxf4 50. Rf8 1-0

[Event "Wch Rapid (Women)"]
[Site "Almaty"]
[Date "2022.12.27"]
[Round "7"]
[White "Pourkashiyan, Atousa"]
[Black "Saduakassova, Dinara"]
[Result "0-1"]
[WhiteElo "2256"]
[BlackElo "2435"]
[PlyCount "150"]
[EventDate "2022.12.26"]
[EventType "swiss (rapid)"]
[EventRounds "11"]
[EventCountry "KAZ"]
[SourceTitle "CBM 211 Extra"]
[Source "ChessBase"]
[SourceDate "2023.01.31"]
[SourceVersion "1"]
[SourceVersionDate "2023.01.31"]
[SourceQuality "1"]

1. e4 e5 2. Nf3 Nc6 3. Bb5 a6 4. Ba4 Nf6 5. 0-0 Nxe4 6. d4 b5 7. Bb3 d5 8. dxe5 Be6 9. Nbd2 Nc5 10. c3 Be7 11. Bc2 d4 12. Nb3 d3 13. Bb1 Nxb3 14. axb3 Bf5 15. Be3 0-0 16. Bd4 Qd5 17. Bxd3 Bxd3 18. Qxd3 Qxb3 19. Qe4 Qe6 20. Rfe1 a5 21. Nh4 Bxh4 22. Qxh4 Rfd8 23. Qe4 Qd5 24. Qe2 a4 25. Rad1 Qc4 26. Qe4 Ne7 27. f4 c5 28. Bf2 Qxe4 29. Rxd8+ Rxd8 30. Rxe4 Rd1+ 31. Be1 Rb1 32. Re2 Nd5 33. Rd2 Rxe1+ 34. Kf2 Rb1 35. Rxd5 Rxb2+ 36. Kf3 g6 37. Rxc5 a3 38. h3 a2 39. Rc8+ Kg7 40. Ra8 Rc2 41. Ra7 Rxc3+ 42. Ke2 Rc2+ 43. Kd3 Rxg2 44. e6 a1Q 45. Rxa1 fxe6 46. Ra7+ Kh6 47. Rb7 Rg3+ 48. Ke4 Rxh3 49. Rxb5 Kg7 50. Rb8 Rh1 51. Kf3 h5 52. Kg3 Rc1 53. Rb3 Kf6 54. Re3 Rc5 55. Ra3 Kf5 56. Re3 h4+ 57. Kf3 Rb5 58. Ra3 e5 59. fxe5 Rxe5 60. Ra8 Rb5 61. Kg2 Rb4 62. Kh3 Rb3+ 63. Kh2 g5 64. Rf8+ Kg4 65. Rf2 Re3 66. Ra2 Kf4 67. Ra4+ Re4 68. Ra2 g4 69. Rf2+ Kg5 70. Ra2 Re3 71. Ra5+ Kf4 72. Ra4+ Kf3 73. Ra8 Re2+ 74. Kg1 Re1+ 75. Kh2 g3+ 0-1

[Event "Wch Rapid (Women)"]
[Site "Almaty"]
[Date "2022.12.27"]
[Round "8"]
[White "Saduakassova, Dinara"]
[Black "Garifullina, Leya"]
[Result "1-0"]
[WhiteElo "2435"]
[BlackElo "2316"]
[PlyCount "93"]
[EventDate "2022.12.26"]
[EventType "swiss (rapid)"]
[EventRounds "11"]
[EventCountry "KAZ"]
[SourceTitle "CBM 211 Extra"]
[Source "ChessBase"]
[SourceDate "2023.01.31"]
[SourceVersion "1"]
[SourceVersionDate "2023.01.31"]
[SourceQuality "1"]

1. Nf3 d5 2. g3 Nf6 3. Bg2 e6 4. 0-0 Be7 5. d3 0-0 6. Nbd2 c5 7. e4 Nc6 8. Re1 Qc7 9. e5 Nd7 10. Qe2 b5 11. Nf1 Bb7 12. h4 Rfc8 13. N1h2 Bf8 14. h5 h6 15. Ng4 a5 16. Bf4 a4 17. a3 Nd4 18. Qd2 Qd8 19. Rad1 Rab8 20. c3 Nb3 21. Qe2 d4 22. Nd2 Bxg2 23. Kxg2 dxc3 24. bxc3 Nxd2 25. Bxd2 Qb6 26. Qf3 Qc6 27. Re4 b4 28. cxb4 cxb4 29. Rc1 Qxc1 30. Bxc1 Rxc1 31. Nxh6+ gxh6 32. Rg4+ Bg7 33. Qe3 f5 34. exf6 Nxf6 35. Rxg7+ Kxg7 36. Qxc1 Nd5 37. axb4 Rxb4 38. Qc8 a3 39. Qxe6 a2 40. Qd7+ Kh8 41. Qxd5 a1Q 42. Qd8+ Kh7 43. Qe7+ Kg8 44. Qxb4 Qe5 45. Qg4+ Kh8 46. Qf3 Kg7 47. g4 1-0

[Event "EU-Cup (Women) 26th"]
[Site "Mayrhofen"]
[Date "2022.10.07"]
[Round "5.2"]
[White "Saduakassova, Dinara"]
[Black "Kiolbasa, Oliwia"]
[Result "1/2-1/2"]
[WhiteElo "2434"]
[BlackElo "2404"]
[PlyCount "75"]
[EventDate "2022.10.03"]
[EventType "team-swiss"]
[EventRounds "7"]
[EventCountry "AUT"]
[SourceTitle "CBM 210 Extra"]
[Source "ChessBase"]
[SourceDate "2022.11.30"]
[SourceVersion "1"]
[SourceVersionDate "2022.11.30"]
[SourceQuality "1"]
[WhiteTeam "Superbet ASE (W)"]
[BlackTeam "Bydgoszcz Energia Gwiazda (W)"]
[WhiteTeamCountry "ROU"]
[BlackTeamCountry "POL"]

1. c4 e6 2. Nc3 d5 3. d4 Nf6 4. cxd5 exd5 5. Bg5 c6 6. e3 h6 7. Bh4 Be7 8. Bd3 0-0 9. Nge2 Re8 10. 0-0 Nbd7 11. a4 Bd6 12. Bg3 Bxg3 13. Nxg3 a5 14. Qd2 Nf8 15. Rad1 Ne6 16. Bc2 Ng5 17. f3 Qb6 18. h4 Ne6 19. Nf5 Bd7 20. e4 c5 21. Nxd5 Nxd5 22. exd5 Nxd4 23. Nxd4 cxd4 24. Qxd4 Qd6 25. Rf2 Rac8 26. Bb1 Rc5 27. Rc2 Rxc2 28. Bxc2 b5 29. axb5 Bxb5 30. Be4 a4 31. Kf2 Bd7 32. Bd3 Rb8 33. Rc1 h5 34. Rc2 Re8 35. Re2 Rb8 36. Rc2 Re8 37. Re2 Rb8 38. Rc2 1/2-1/2

[Event "EU-Cup (Women) 26th"]
[Site "Mayrhofen"]
[Date "2022.10.06"]
[Round "4.2"]
[White "Ushenina, Anna"]
[Black "Saduakassova, Dinara"]
[Result "1/2-1/2"]
[WhiteElo "2445"]
[BlackElo "2434"]
[PlyCount "80"]
[EventDate "2022.10.03"]
[EventType "team-swiss"]
[EventRounds "7"]
[EventCountry "AUT"]
[SourceTitle "CBM 210 Extra"]
[Source "ChessBase"]
[SourceDate "2022.11.30"]
[SourceVersion "1"]
[SourceVersionDate "2022.11.30"]
[SourceQuality "1"]
[WhiteTeam "Pamhagen (W)"]
[BlackTeam "Superbet ASE (W)"]
[WhiteTeamCountry "AUT"]
[BlackTeamCountry "ROU"]

1. d4 Nf6 2. c4 e6 3. Nc3 Bb4 4. e3 0-0 5. Bd2 d5 6. Nf3 b6 7. cxd5 exd5 8. Rc1 a6 9. Bd3 Bb7 10. 0-0 Bd6 11. Ne5 c5 12. f4 Nc6 13. Ng4 Be7 14. Nxf6+ Bxf6 15. dxc5 bxc5 16. b3 c4 17. bxc4 Nb4 18. Bb1 dxc4 19. Ne4 Bxe4 20. Bxe4 c3 21. Bxc3 Qxd1 22. Rcxd1 Bxc3 23. Bxa8 Rxa8 24. a3 Nc2 25. Rc1 Nxe3 26. Rxc3 Nxf1 27. Kxf1 h5 28. Rc6 Rd8 29. Rxa6 Rd4 30. g3 Rd2 31. h4 Ra2 32. f5 Kf8 33. Ra7 Rc2 34. Ra8+ Ke7 35. Rh8 Ra2 36. Rxh5 Kf6 37. Rh7 Rxa3 38. Kg2 Ra5 39. g4 Ra2+ 40. Kg3 Ra3+ 1/2-1/2

[Event "Bydgoszcz (Women)"]
[Site "Bydgoszcz"]
[Date "2022.06.27"]
[Round "3"]
[White "Mammadzada, Gunay Vuqar Qizi"]
[Black "Saduakassova, Dinara"]
[Result "1-0"]
[WhiteElo "2454"]
[BlackElo "2435"]
[PlyCount "100"]
[EventDate "2022.06.25"]
[EventType "tourn"]
[EventRounds "9"]
[EventCountry "POL"]
[EventCategory "8"]
[SourceTitle "CBM 209 Extra"]
[Source "ChessBase"]
[SourceDate "2022.09.30"]
[SourceVersion "1"]
[SourceVersionDate "2022.09.30"]
[SourceQuality "1"]

1. d4 Nf6 2. c4 e6 3. Nf3 d5 4. Nc3 Bb4 5. Qa4+ Nc6 6. Bg5 h6 7. Bxf6 Qxf6 8. e3 0-0 9. Be2 dxc4 10. 0-0 Bd7 11. Bxc4 Bd6 12. Qc2 e5 13. Nd5 Qd8 14. dxe5 Bxe5 15. Nxe5 Nxe5 16. Be2 c6 17. Nc3 Qe7 18. Rad1 Rad8 19. Rd2 Bf5 20. e4 Bg4 21. f3 Be6 22. Rfd1 Bc4 23. f4 Bxe2 24. Rxd8 Rxd8 25. Qxe2 Rxd1+ 26. Nxd1 Qc5+ 27. Kf1 Nc4 28. b3 Nd6 29. Qd3 Qb4 30. Nf2 Nb5 31. Qd8+ Qf8 32. Qd7 Qc5 33. g3 Nc3 34. Qc8+ Kh7 35. Qxb7 Qb5+ 36. Qxb5 cxb5 37. a3 a5 38. Ke1 Nb1 39. Nd3 Nxa3 40. Kd2 f6 41. Nc5 Kg6 42. Nb7 Nb1+ 43. Kc2 Na3+ 44. Kd3 Kh5 45. Nxa5 Kg4 46. Nb7 b4 47. Nd6 h5 48. h4 Nb1 49. e5 fxe5 50. fxe5 Nc3 1-0

[Event "Bydgoszcz (Women)"]
[Site "Bydgoszcz"]
[Date "2022.06.25"]
[Round "1"]
[White "Saduakassova, Dinara"]
[Black "Kiolbasa, Oliwia"]
[Result "1-0"]
[WhiteElo "2435"]
[BlackElo "2376"]
[PlyCount "81"]
[EventDate "2022.06.25"]
[EventType "tourn"]
[EventRounds "9"]
[EventCountry "POL"]
[EventCategory "8"]
[SourceTitle "CBM 209 Extra"]
[Source "ChessBase"]
[SourceDate "2022.09.30"]
[SourceVersion "1"]
[SourceVersionDate "2022.09.30"]
[SourceQuality "1"]

1. Nf3 d5 2. g3 Nf6 3. Bg2 e6 4. 0-0 Be7 5. d3 c5 6. Nbd2 Nc6 7. e4 Qc7 8. Re1 b6 9. Nf1 Bb7 10. Bf4 Qd8 11. Qe2 h6 12. h4 0-0 13. e5 Nh7 14. N1h2 g5 15. Bd2 Kg7 16. c4 Re8 17. Ng4 Rc8 18. Rad1 Rc7 19. Bc3 d4 20. Bd2 a6 21. Nfh2 Rh8 22. h5 Rg8 23. Be4 Nb8 24. Bxb7 Rxb7 25. Qf3 Rc7 26. Nxh6 Rf8 27. N6g4 Nc6 28. Re4 Kh8 29. Rf1 b5 30. b3 Qb8 31. Qe2 bxc4 32. dxc4 a5 33. f4 gxf4 34. Rexf4 Ng5 35. Nf2 a4 36. Rg4 Nh7 37. Bh6 Rg8 38. Nd3 axb3 39. Rxf7 bxa2 40. Qe4 a1Q+ 41. Nf1 1-0

[Event "BL 2122 (Women)"]
[Site "Germany"]
[Date "2022.05.25"]
[Round "9.1"]
[White "Osmak, Iulija"]
[Black "Saduakassova, Dinara"]
[Result "1/2-1/2"]
[WhiteElo "2428"]
[BlackElo "2446"]
[PlyCount "39"]
[EventDate "2021.11.27"]
[EventType "team-tourn"]
[EventRounds "11"]
[EventCountry "GER"]
[SourceTitle "EXT 2023"]
[Source "ChessBase"]
[SourceDate "2022.10.05"]
[SourceVersion "1"]
[SourceVersionDate "2022.10.05"]
[SourceQuality "1"]
[WhiteTeam "Bad Koenigshofen (W)"]
[BlackTeam "Schwaebisch Hall (W)"]
[WhiteTeamCountry "GER"]
[BlackTeamCountry "GER"]

1. d4 Nf6 2. c4 e6 3. Nc3 Bb4 4. f3 c5 5. d5 0-0 6. e4 d6 7. Nge2 b5 8. Nf4 exd5 9. Nfxd5 Nxd5 10. Qxd5 Qb6 11. Bf4 Be6 12. Qxd6 bxc4 13. Kf2 Bxc3 14. bxc3 Rd8 15. Qc7 Rd7 16. Qc8+ Rd8 17. Qc7 Rd7 18. Qc8+ Rd8 19. Qc7 Rd7 20. Qc8+ 1/2-1/2

[Event "Sitges Sunway op 8th"]
[Site "Sitges"]
[Date "2021.12.16"]
[Round "4"]
[White "Saduakassova, Dinara"]
[Black "Sharan, Rao"]
[Result "0-1"]
[WhiteElo "2477"]
[BlackElo "2179"]
[PlyCount "80"]
[EventDate "2021.12.13"]
[EventType "swiss"]
[EventRounds "10"]
[EventCountry "ESP"]
[SourceTitle "CBM 205 Extra"]
[Source "ChessBase"]
[SourceDate "2022.01.31"]
[SourceVersion "1"]
[SourceVersionDate "2022.01.31"]
[SourceQuality "1"]

1. Nf3 d5 2. g3 Nf6 3. Bg2 e6 4. 0-0 Be7 5. d3 Nc6 6. Nbd2 e5 7. e4 dxe4 8. dxe4 Bc5 9. Qe2 b6 10. Nc4 Ba6 11. c3 0-0 12. b4 Bxb4 13. cxb4 Nd4 14. Nxd4 Qxd4 15. Bb2 Bxc4 16. Qc2 Qd3 17. Qc1 Rad8 18. Re1 Qd2 19. Bxe5 Qxb4 20. Bxf6 gxf6 21. e5 Bd5 22. exf6 Kh8 23. Qh6 Rg8 24. Bxd5 Rxd5 25. Re7 Qg4 26. Qe3 Rh5 27. Re8 Rf5 28. Rxg8+ Qxg8 29. Qe7 h5 30. Re1 c5 31. Rd1 Qg6 32. Rd6 Kh7 33. Rc6 h4 34. Qxa7 h3 35. Re6 Re5 36. Qxf7+ Qxf7 37. Rxe5 Qxf6 38. f4 Qc6 39. Rh5+ Kg8 40. Rxh3 c4 0-1

[Event "Lindores Abbey Blitz Tal Memorial"]
[Site "Riga"]
[Date "2021.11.08"]
[Round "4.32"]
[White "Movsesian, Sergei"]
[Black "Saduakassova, Dinara"]
[Result "1-0"]
[WhiteElo "2632"]
[BlackElo "2378"]
[PlyCount "41"]
[EventDate "2021.11.08"]
[EventType "swiss (blitz)"]
[EventRounds "18"]
[EventCountry "LAT"]
[SourceTitle "CBM 205 Extra"]
[Source "ChessBase"]
[SourceDate "2022.01.31"]
[SourceVersion "1"]
[SourceVersionDate "2022.01.31"]
[SourceQuality "1"]

1. e4 e5 2. Nf3 Nc6 3. g3 Nf6 4. d3 d5 5. exd5 Nxd5 6. Bg2 f6 7. 0-0 Be6 8. Nc3 Qd7 9. d4 Nxc3 10. bxc3 0-0-0 11. Be3 Bd5 12. Qe2 g5 13. c4 Bxf3 14. Qxf3 exd4 15. Bd2 Bc5 16. Rab1 g4 17. Qb3 b6 18. Qb5 Nb8 19. Qxc5 f5 20. Bf4 h5 21. Qd5 1-0

[Event "Lindores Abbey Blitz Tal Memorial"]
[Site "Riga"]
[Date "2021.11.08"]
[Round "3.32"]
[White "Saduakassova, Dinara"]
[Black "Movsesian, Sergei"]
[Result "1/2-1/2"]
[WhiteElo "2378"]
[BlackElo "2632"]
[PlyCount "102"]
[EventDate "2021.11.08"]
[EventType "swiss (blitz)"]
[EventRounds "18"]
[EventCountry "LAT"]
[SourceTitle "CBM 205 Extra"]
[Source "ChessBase"]
[SourceDate "2022.01.31"]
[SourceVersion "1"]
[SourceVersionDate "2022.01.31"]
[SourceQuality "1"]

1. d4 Nf6 2. Nf3 e6 3. Bf4 c5 4. e3 d5 5. Nbd2 Bd6 6. dxc5 Bxc5 7. c4 Nc6 8. Rc1 d4 9. exd4 Nxd4 10. Be3 0-0 11. a3 e5 12. b4 Nxf3+ 13. Nxf3 Bxe3 14. Qxd8 Bxf2+ 15. Kxf2 Ng4+ 16. Kg3 Rxd8 17. h3 Nf6 18. Nxe5 Rd2 19. c5 Be6 20. Bc4 Rad8 21. Bxe6 fxe6 22. Nc4 R2d4 23. Nd6 b6 24. Rhe1 bxc5 25. bxc5 Nd7 26. Rxe6 Nxc5 27. Rxc5 R4xd6 28. Rxd6 Rxd6 29. Ra5 a6 30. Kf4 Kf7 31. Rc5 Rd4+ 32. Ke3 Ra4 33. Rc3 g5 34. Kf3 h5 35. g3 Kf6 36. Rc6+ Kf5 37. Rc5+ Kf6 38. Rc6+ Ke7 39. Rc3 Kd6 40. Rb3 Kd5 41. Rd3+ Ke5 42. Re3+ Kf5 43. Rb3 g4+ 44. hxg4+ hxg4+ 45. Ke3 Ke5 46. Kd3 Kd5 47. Rc3 a5 48. Rb3 Rd4+ 49. Ke3 Ra4 50. Kd3 Ke5 51. Ke3 Kd5 1/2-1/2